000 00585nam a2200205Ia 4500
005 20250507130336.0
008 008 250505s9999 xx 000 0 eng d
020 _a0-8047-4887-X
037 _aAnnuals, Advances
040 _aEASL
_beng
_cEASL
041 _aeng
_2eng
084 _aX6295.42, P4
_qEASL
100 _aSolis Mireya Au.
_9665092
245 0 _aBanking on multinationals
260 _aUSA
_bStanford Stanford University Press
_c2004
300 _axvi,273p.
490 _vV.6
942 _cTEXL
_hX6295.42, P4
999 _c1319119
_d1319119